| 000 | 00000nam 2200000za 4500 |
| 001 | 9.802739 |
| 003 | CaOODSP |
| 005 | 20221107135043 |
| 007 | cr ||||||||||| |
| 008 | 150826q2015 oncd #o f000 0 fre d |
| 040 | |aCaOODSP|bfre |
| 043 | |an-cn-nu|an-cn-nt|an-cn-yk|an-cn-nf |
| 086 | 1 |aR5-73/2015F-PDF |
| 245 | 00|aEnquête auprès des peuples autochtones de 2012 |h[ressource électronique] : |bdifférences entre les sexes au niveau de la scolarité et de l'emploi chez les Inuits. |
| 260 | |a[Ottawa] : |bLa recherche stratégique, Affaires autochtones et Développement du Nord Canada, |c[2015?]. |
| 300 | |a[4] p. : |bill. en coul. |
| 500 | |aPubli. aussi en anglais sous le titre : 2012 Aboriginal Peoples Survey : gender differences in Inuit education and employment. |
| 692 | 07|2gccst|aInuit |
| 692 | 07|2gccst|aÉducation |
| 692 | 07|2gccst|aEmploi |
| 710 | 1 |aCanada.|bAffaires autochtones et Développement du Nord Canada. |bDirection de la recherche stratégique. |
| 775 | 08|t2012 Aboriginal Peoples Survey |w(CaOODSP)9.802738 |
| 856 | 40|qPDF|s399 Ko|uhttps://publications.gc.ca/collections/collection_2015/aadnc-aandc/R5-73-2015-fra.pdf |